Form and function : (Record no. 7824)

MARC details
000 -LEADER
fixed length control field 00695nam a2200229 4500
001 - CONTROL NUMBER
control field BD-DhSAU 7824
003 - CONTROL NUMBER IDENTIFIER
control field BD-DhSAU
005 - DATE AND TIME OF LATEST TRANSACTION
control field 20150528161213.0
008 - FIXED-LENGTH DATA ELEMENTS--GENERAL INFORMATION
fixed length control field 720504s1972 nyua rb 001 0 eng
040 ## - CATALOGING SOURCE
Original cataloging agency BD-DhSAU
082 00 - DEWEY DECIMAL CLASSIFICATION NUMBER
Classification number 540
Edition number 22
Item number BLF
100 1# - MAIN ENTRY--PERSONAL NAME
Personal name Blumberg, Avrom A.
245 10 - TITLE STATEMENT
Title Form and function :
Remainder of title natural science in a technological society /
Statement of responsibility, etc. by Avrom A. Blumberg and Jon Stanley.
260 ## - PUBLICATION, DISTRIBUTION, ETC. (IMPRINT)
Place of publication, distribution, etc. New York :
Name of publisher, distributor, etc. McGraw-Hill,
Date of publication, distribution, etc. c1972.
300 ## - PHYSICAL DESCRIPTION
Extent xviii, 705 p. :
Other physical details ill. ;
Dimensions 25 cm.
504 ## - BIBLIOGRAPHY, ETC. NOTE
Bibliography, etc Includes bibliographical references and index.
590 ## - Name of Cataloguer
Name of Cataloger joy
650 #0 - SUBJECT ADDED ENTRY--TOPICAL TERM
Topical term or geographic name as entry element Science.
650 #0 - SUBJECT ADDED ENTRY--TOPICAL TERM
Topical term or geographic name as entry element Extension.
700 1# - ADDED ENTRY--PERSONAL NAME
Personal name Stanley, Jon,
Relator term joint author.
942 ## - ADDED ENTRY ELEMENTS (KOHA)
Source of classification or shelving scheme Dewey Decimal Classification
Koha item type Book
Holdings
Withdrawn status Lost status Source of classification or shelving scheme Damaged status Not for loan Collection code Home library Branch Name Shelving location Date acquired Total Checkouts Full call number Barcode Date last seen Price effective from Koha item type
    Dewey Decimal Classification   Not For Loan Reference SAU Library SAU Library Reference 28/05/2015   540 BLF 5968 28/05/2015 28/05/2015 Book